Una lunga vita felice /

Salvato in:
Dettagli Bibliografici
Autore principale: Price, Reynolds (Autore)
Natura: Libro
Lingua:italiano
Pubblicazione: Milano : Bompiani, 1963
Serie:Letteraria Bompiani
Tags: Aggiungi Tag
Nessun Tag, puoi essere il primo ad aggiungerne!!

MARC

LEADER 00000nam a22000007i 4500
001 IT\ICCU\RAV\0048737
003 ItRI
005 20260115232340.0
008 890609s1963 it |||||| ||||| |||||c
040 |b ita  |c importazione bologna sebina 
041 7 |a ita  |2 ISO-639-2 
082 |a 813.5  |9 NARRATIVA AMERICANA IN LINGUA INGLESE, 1900-1999  |2 21 
100 1 |a Price, Reynolds  |0 IT\ICCU\RAVV\025692  |4 aut 
240 1 2 |a A long and happy life. -  |3 IT\ICCU\RAV\0048739  |9 Price, Reynolds 
245 1 4 |a Una lunga vita felice /  |c Reynolds Price. 
260 |a Milano :  |b Bompiani,  |c 1963 
300 |a 231 p. ;  |c 21 cm. 
830 0 |a Letteraria Bompiani  |0 IT\ICCU\RAV\0000352 
942 |2 ddc  |c BK  |n 0 
952 |0 0  |1 0  |4 0  |6 DOC_813_540000000000000_PRI  |7 0  |9 24589  |a BO  |b BO  |d 2026-01-15  |i 11535  |l 0  |o DOC 813.54 PRI  |p BO11535  |r 2026-01-15 23:23:40  |w 2026-01-15  |x [Sebina 5] [1 v.]  |y BK  |z 1 v. 
999 |c 20922  |d 20922